000 00518nam a2200205Ia 4500
008 170918s9999 xx 000 0 und d
020 _a590981293
050 _bS416 1991
100 _aScieszka, Jon
245 4 _aThe time warp trio :
245 _bknights of the kitchen table /
245 _cJon Scieszka ; illustrated by Lane Smith.
260 _aNew York :
260 _bScholastic,
260 _c1991
300 _a55 pages :
300 _bcolored illustration ;
300 _c19cm.
500 _a630
999 _c341829
_d341829